Geography of Delaware - Statistics

General Stats
  • This quiz has been taken 38 times
  • The average score is 15 of 20
Answer Stats
Question Answer % Correct
What river and bay lie to the east of Delaware? (think hard) Delaware
100%
What is the state capital of Delaware? Dover
100%
What symbolic North-South dividing line follows Delaware's western border with Maryland? Mason-Dixon Line
100%
What state is located on the other side of that bay? New Jersey
100%
What is the nickname of Delaware? The {First} State
100%
What state does Delaware have a circle-shaped border with? Pennsylvania
97%
What metro area is the above city part of? Philadelphia
97%
What is Delaware's largest city? Wilmington
97%
What peninsula does Delaware share with Maryland and Virginia? Delmarva
85%
What is the state bird of Delaware? {Blue} Hen
82%
What small coastal town is called "The Nation's Summer Capital"? {Rehoboth} Beach
74%
What canal cuts through that peninsula, technically making it an island? {Chesapeake} & Delaware Canal
71%
What does Delaware have over a million of thanks to business-friendly laws? Corporations
65%
What island is Fort Delaware located on? (hint: small vegetable) {Pea} Patch Island
62%
What are the three counties that compose Delaware? Sussex
62%
What city is home to the University of Delaware? Newark
56%
What are the three counties that compose Delaware? New Castle
56%
What are the three counties that compose Delaware? Kent
53%
What prominent cape is located near Lewes, Delaware? Cape {Henlopen}
44%
What park was originally a fort established by the colony of New Sweden? Fort {Christina}
35%
No matching quizzes found
Score Distribution
Percent of People with Each Score
Percentile by Number Answered
Your Score History
You have not taken this quiz